Service sector survey (Record no. 71700)

MARC details
000 -LEADER
fixed length control field 01009cam a2200205 4500
001 - CONTROL NUMBER
control field WB3845-05
008 - FIXED-LENGTH DATA ELEMENTS--GENERAL INFORMATION
fixed length control field 021203n2002 000 0 eng u
035 ## - SYSTEM CONTROL NUMBER
System control number (Sirsi) u120654
245 ## - TITLE STATEMENT
Title Service sector survey
260 ## - PUBLICATION, DISTRIBUTION, ETC.
Date of publication, distribution, etc. 2002
490 ## - SERIES STATEMENT
Series statement CBI News Release
Volume/sequential designation 3 December 2002, (3)
520 ## - SUMMARY, ETC.
Summary, etc. The latest CBI/Grant Thornton survey of business and professional services firms reveals signs of a pick-up in the service sector, although a continuing lack of confidence and uncertainty in the economy remains. The sector which includes management consultants and consumer services firms, saw an increase in the value and volume of business over the last three months but both remained below normal. www.cbi.org.uk/ndbs/press.nsf/0363c1f07c6ca12a8025671c00381cc7/9d58c329064deb2280256c7700477aa6?OpenDocument
590 ## - LOCAL NOTE (RLIN)
Local note WB
650 ## - SUBJECT ADDED ENTRY--TOPICAL TERM
Topical term or geographic name entry element CBI
650 ## - SUBJECT ADDED ENTRY--TOPICAL TERM
Topical term or geographic name entry element GRANT THORNTON
650 ## - SUBJECT ADDED ENTRY--TOPICAL TERM
Topical term or geographic name entry element SERVICE SECTOR
650 ## - SUBJECT ADDED ENTRY--TOPICAL TERM
Topical term or geographic name entry element MANAGEMENT CONSULTANTS
690 ## - LOCAL SUBJECT ADDED ENTRY--TOPICAL TERM (OCLC, RLIN)
Topical term or geographic name as entry element MANAGEMENT-BUSINESS MANAGEMENT
942 ## - ADDED ENTRY ELEMENTS (KOHA)
Suppress in OPAC 0
Holdings
Withdrawn status Lost status Source of classification or shelving scheme Damaged status Not for loan Home library Current library Shelving location Date acquired Total Checkouts Full call number Barcode Date last seen Copy number Price effective from Koha item type
    Dewey Decimal Classification     London London News article 03/12/2002   WB3845-05 120654-1001 06/08/2019 1 06/08/2019 News article